La creación de un nuevo sistema monetario internacional en Bretton Woods. Fotocopia parcial del libro: El F.M.I.: Contexto Histórico, Cap. 1-8 y otros textos
Uloženo v:
| Médium: | Text |
|---|---|
| Vydáno: |
s.l.:
s.e.
|
| Tagy: |
Přidat tag
Žádné tagy, Buďte první, kdo vytvoří štítek k tomuto záznamu!
|
MARC
| LEADER | 00000 a a2200000 04500 | ||
|---|---|---|---|
| 001 | 23684 | ||
| 003 | |||
| 040 | |||
| 090 | |a 165800 | ||
| 245 | |a La creación de un nuevo sistema monetario internacional en Bretton Woods. Fotocopia parcial del libro: El F.M.I.: Contexto Histórico, Cap. 1-8 y otros textos | ||
| 260 | |a s.l.: |b s.e. | ||
| 300 | |a p. var.; 3 copias | ||
| 999 | |c 1157 |d 1157 | ||
